Statistics for Surrealist by Painting

Click here to take the quiz!

General Stats

  • This quiz has been taken 6 times
  • The average score is 6 of 16

Answer Stats

Answer% Correct
Rene Magritte
67%
Salvador Dali
67%
Wassily Kandinsky
67%
Joan Miró
50%
Francis Bacon
33%
Giorgio de Chirico
33%
Marc Chagall
33%
Marcel Duchamp
33%
Max Ernst
33%
Pablo Picasso
33%
Paul Klee
33%
Dorothea Tanning
17%
Frida Kahlo
17%
Man Ray
17%
Remedios Varo
17%
Andre Breton
0%

Score Distribution

Percentile by Number Answered

Percent of People with Each Score

Your Score History

You have not taken this quiz